000 00466nam a2200181Ia 4500
001 20900
005 20260306172839.0
008 260306t2021||||xx |||||||||||||| ||spa||
041 _aESP
082 _a343.8
_bP86
100 _aPríncipe Jiménez, Yésica Magaly
_eAUT
245 0 _aTratamiento de los bienes intangibles en la ley del IGV
260 _c2021
300 _a31 páginas :
_c24 cm.
650 _aGEN
654 _aCCO
942 _cLIB
_dJUS
_fJUS
_2ddc
_n
999 _c20900
_d20900